Ekonómia /
Salvato in:
| Autore principale: | |
|---|---|
| Altri autori: | |
| Natura: | Libro |
| Lingua: | slovacco |
| Pubblicazione: |
Praha
Wolters Kluwer
2016
|
| Edizione: | 1. vyd. |
| Soggetti: | |
| Tags: |
Nessun Tag, puoi essere il primo ad aggiungerne!!
|
MARC
| LEADER | 00000nam a22000003a 4500 | ||
|---|---|---|---|
| 001 | 0092547 | ||
| 003 | SK-STU | ||
| 005 | 20211217105616.2 | ||
| 007 | ta | ||
| 008 | 211217s ----xo-----e------000-0-----d | ||
| 020 | |a 978-80-7552-275-7 | ||
| 040 | |a STU |b slo | ||
| 041 | 0 | |a slo | |
| 044 | |a xr | ||
| 100 | 1 | |a Lisý, Ján |4 aut | |
| 245 | 1 | 0 | |a Ekonómia / |c aut. Ján Lisý, a kol |
| 250 | |a 1. vyd. | ||
| 260 | |a Praha |b Wolters Kluwer |c 2016 | ||
| 300 | |a 621 s. | ||
| 650 | 0 | 7 | |a ekonómia |
| 700 | 1 | |a a kol. | |
| 996 | |b 284M088983 |c M* 14585-1 |l MMKN |s A |a 24 |w 0092547_0001 | ||